000
00303nam a22001337a 4500
008
170612b xxu||||| |||| 00| 0 eng d
020
_a
9780826108159
041
_a
eng
080
_a
32
100
_a
19
101
_a
SHP
245
_a
DNP EDUCATION, PRACTICE, AND POLICY
_c
AHMED,S.W
942
_2
udc
_c
BK
999
_c
16888
_d
16888